000 00814cam a22002653a 4500
001 7991
003 PGUSA
005 20140828083151.0
008 050401s2005||||xxu|||||s|||||000 | eng d
040 _aPGUSA
_beng
042 _adc
050 4 _aPG
100 1 _aOstrovsky, Aleksandr Nikolaevich,
_d1823-1886
245 1 4 _aThe Storm
_h[electronic resource] /
_cAleksandr Nikolaevich Ostrovsky
260 _bProject Gutenberg,
_c2005
506 _aPublic domain in the USA.
516 _aElectronic text
653 _aRussian drama -- Translations into English
653 _aRussia -- Social conditions -- 1801-1917 -- Drama
700 1 _aGarnett, Constance,
_d1861-1946
740 0 _aGroza. English
830 0 _aProject Gutenberg
_v7991
856 4 0 _uhttp://www.gutenberg.org/ebooks/7991
942 _cEB
999 _c237291
_d237291